| 000 | 00953nam a22002537a 4500 | ||
|---|---|---|---|
| 999 |
_c20398 _d20398 |
||
| 003 | AR-CdUCM | ||
| 008 | 190529b ||||| |||| 00| 0 spa d | ||
| 040 |
_aMUNICIPALIDAD PROVINCIAL DEL CUSCO _cBIBLIOTECA MUNICIPAL DEL CUSCO |
||
| 041 | _hfre | ||
| 082 |
_a848.815 / _bZ85 |
||
| 100 |
_aZola, Émilio _911867 |
||
| 245 |
_aEl doctor Pascal: _bLe docteur Pascal / |
||
| 260 |
_aBuenos Aires: _bSopena Argentina, _c1946. |
||
| 300 |
_a174 páginas; _c23 cm. |
||
| 440 |
_aBiblioteca mundial Sopena _910296 |
||
| 500 | _a"Novela de la serie los Rougon-Macquart. Historia natural y social de una familia del segundo imperio" | ||
| 505 | _aContenido: El doctor Pascal -- La mañana siguiente -- Durante el mes siguiente... | ||
| 650 |
_aNovelas francesas _9571 |
||
| 650 |
_aSiglo XIX _9971 |
||
| 650 |
_aTraducciones al español. _91053 |
||
| 700 |
_aCunchillos Manterola, Santiago (traductor) _942663 |
||
| 942 |
_2ddc _cLIBROS |
||
| 945 | _aJavier | ||